The sick trans person (Record no. 4633)

MARC details
000 -CABECERA
campo de control de longitud fija 02120nam a2200385 i 4500
001 - NÚMERO DE CONTROL
campo de control 991107400052806196
005 - FECHA Y HORA DE LA ÚLTIMA TRANSACCIÓN
campo de control 20250408084122.0
006 - CÓDIGOS DE INFORMACIÓN DE LONGITUD FIJA--CARACTERÍSTICAS DEL MATERIAL ADICIONAL
campo de control de longitud fija m o d |
007 - CAMPO FIJO DE DESCRIPCIÓN FÍSICA--INFORMACIÓN GENERAL
campo de control de longitud fija cr cnu||||||||
008 - DATOS DE LONGITUD FIJA--INFORMACIÓN GENERAL
campo de control de longitud fija 240901s2024 enka ob 001 0 eng d
020 ## - NÚMERO INTERNACIONAL ESTÁNDAR DEL LIBRO
Número Internacional Estándar del Libro 9781447371106
035 ## - NÚMERO DE CONTROL DEL SISTEMA
Número de control de sistema (MiAaPQ)EBC31181898
035 ## - NÚMERO DE CONTROL DEL SISTEMA
Número de control de sistema (Au-PeEL)EBL31181898
035 ## - NÚMERO DE CONTROL DEL SISTEMA
Número de control de sistema (CKB)34168940600041
035 ## - NÚMERO DE CONTROL DEL SISTEMA
Número de control de sistema (DE-B1597)694765
035 ## - NÚMERO DE CONTROL DEL SISTEMA
Número de control de sistema (DE-B1597)9781447371137
035 ## - NÚMERO DE CONTROL DEL SISTEMA
Número de control de sistema (OCoLC)1453321641
035 ## - NÚMERO DE CONTROL DEL SISTEMA
Número de control de sistema (MdBmJHUP)musev2_122820
035 ## - NÚMERO DE CONTROL DEL SISTEMA
Número de control de sistema (EXLCZ)9934168940600041
040 ## - FUENTE DE LA CATALOGACIÓN
Centro catalogador/agencia de origen MiAaPQ
Lengua de catalogación eng
Normas de descripción rda
-- pn
Centro/agencia transcriptor MiAaPQ
Centro/agencia modificador MiAaPQ
041 ## - CÓDIGO DE LENGUA
Código de lengua del texto/banda sonora o título independiente eng
050 #4 - SIGNATURA TOPOGRÁFICA DE LA BIBLIOTECA DEL CONGRESO
Número de clasificación RA564.9.T73
Número de documento/Ítem .C355 2024
100 ## - ENTRADA PRINCIPAL--NOMBRE DE PERSONA
Nombre de persona Callahan, Evelyn
Término indicativo de función/relación author
9 (RLIN) 25131
245 14 - MENCIÓN DE TÍTULO
Título The sick trans person
Resto del título : negotiations, healthcare, and the tension of demedicalization
Mención de responsabilidad, etc. / Evelyn Callahan.
250 ## - MENCIÓN DE EDICIÓN
Mención de edición First edition.
260 ## - PUBLICACIÓN, DISTRIBUCIÓN, ETC.
Lugar de publicación, distribución, etc. Bristol, England :
Nombre del editor, distribuidor, etc. Policy Press,
Fecha de publicación, distribución, etc. 2024.
300 ## - DESCRIPCIÓN FÍSICA
Extensión vi, 154 pages ;
Dimensiones 24 cm.
504 ## - NOTA DE BIBLIOGRAFÍA, ETC.
Nota de bibliografía, etc. Includes bibliographical references and index.
520 ## - SUMARIO, ETC.
Sumario, etc. Healthcare for transgender people is in crisis. Many of the problems stem from bureaucracies within the health system, limiting conceptualizations of sex and gender, and the requirement for a diagnosis of ‘gender dysphoria’.<br/><br/>This book presents a unique argument for full demedicalization of transness as a crucial step towards removing existing barriers to good healthcare. Resisting the current norm of separating sex and gender, it also argues for an understanding of them as necessarily interlinked and co-constructed.<br/><br/>By elevating trans voices and experiences, this book offers a new perspective on transness, medicalization and research methodologies to help trans people, practitioners and policy makers better understand the barriers faced by trans people when seeking healthcare.
588 ## - NOTA DE FUENTE DE LA DESCRIPCIÓN
Nota de fuente de la descripción Description based on publisher supplied metadata and other sources.
588 ## - NOTA DE FUENTE DE LA DESCRIPCIÓN
Nota de fuente de la descripción Description based on print version record.
650 #0 - PUNTO DE ACCESO ADICIONAL DE MATERIA--TÉRMINO DE MATERIA
Término de materia o nombre geográfico como elemento de entrada Transgender people
Subdivisión general Health and hygiene
9 (RLIN) 25132
650 #0 - PUNTO DE ACCESO ADICIONAL DE MATERIA--TÉRMINO DE MATERIA
Término de materia o nombre geográfico como elemento de entrada Transgender people
Subdivisión general Medical care
9 (RLIN) 25133
942 ## - ELEMENTOS DE ENTRADA AGREGADA (KOHA)
Fuente del sistema de clasificación o colocación Clasificación de Library of Congress
Holdings
Estado de retiro Estado de pérdida Fuente del sistema de clasificación o colocación Estado dañado No para préstamo Biblioteca de origen Biblioteca actual Fecha de adquisición Total de préstamos Signatura topográfica completa Código de barras Fecha visto por última vez Número de copia Precio válido a partir de Tipo de ítem Koha
    Clasificación de Library of Congress     TBS Barcelona TBS Barcelona 08/04/2025   RA564.9.T73 CAL B05897 08/04/2025 1 08/04/2025 Book

Powered by Koha